Подробности
| 000 -МАРКЕР |
| контрольное поле |
02272nam0a2200421 4500 |
| 001 - ИДЕНТИФИКАТОР ЗАПИСИ |
| контрольное поле |
RU\NLR\bibl\418234 |
| 005 - ИДЕНТИФИКАТОР ВЕРСИИ |
| контрольное поле |
20260405180733.0 |
| 010 ## - МЕЖДУНАРОДНЫЙ СТАНДАРТНЫЙ НОМЕР КНИГИ (ISBN) |
| Номер (ISBN) |
5-9532-0066-8 |
| Уточнения |
В пер. |
| Тираж |
3000 |
| 021 ## - НОМЕР ГОСУДАРСТВЕННОЙ РЕГИСТРАЦИИ |
| Код страны |
Российская Федерация |
| Номер |
2003-23735 |
| Номер Листа государственной регистраци |
1108 |
| 035 ## - ДРУГИЕ СИСТЕМНЫЕ НОМЕРА |
| Идентификатор записи |
(NLR Aleph) 000412210 |
| 100 ## - ДАННЫЕ ОБЩЕЙ ОБРАБОТКИ |
| Данные общей обработки |
20030627d2003 |||y0rusy50 ca |
| 101 0# - ЯЗЫК РЕСУРСА |
| Язык текста, звукозаписи и т.д. |
русский |
| 102 ## - СТРАНА ПУБЛИКАЦИИ ИЛИ ПРОИЗВОДСТВА |
| Страна публикации |
Российская Федерация |
| 105 ## - ПОЛЕ КОДИРОВАННЫХ ДАННЫХ: ТЕКСТОВЫЕ МАТЕРИАЛЫ, МОНОГРАФИЧЕСКИЕ |
| Кодированные данные о монографическом текстовом документе |
y ||||||||| |
| 200 1# - ЗАГЛАВИЕ И СВЕДЕНИЯ ОБ ОТВЕТСТВЕННОСТИ |
| Основное заглавие |
Менеджмент в АПК |
| Сведения, относящиеся к заглавию |
Учеб. пособие для студентов вузов по агроэкон. специальностям |
| Первые сведения об ответственности |
Ю.Б. Королев, В.Д. Коротнев, Г.Н. Кочетова, Е.Н. Никифорова |
| Последующие сведения об ответственности |
Под ред. Ю.Б. Королева |
| 210 ## - ПУБЛИКАЦИЯ, РАСПРОСТРАНЕНИЕ И ДР. |
| Место издания, распространения и т.д. |
М. |
| Имя издателя, распространителя и т. д. |
КолосС |
| Дата издания, распространения и т.д. |
2003 |
| 215 ## - ФИЗИЧЕСКАЯ ХАРАКТЕРИСТИКА |
| Специфическое обозначение материала и объем |
302, [1] с. |
| Размеры |
22 |
| 225 1# - СЕРИЯ |
| Основное заглавие серии |
Учебники и учебные пособия для студентов высших учебных заведений |
| 300 ## - ОБЩИЕ ПРИМЕЧАНИЯ |
| Текст примечания |
На обл. загл. сер.: Учебник |
| 320 ## - ПРИМЕЧАНИЯ О НАЛИЧИИ В ДОКУМЕНТЕ БИБЛИОГРАФИИ / УКАЗАТЕЛЯ |
| Текст примечания |
Библиогр.: с. 292-294 (66 назв.) |
| 606 0# - НАИМЕНОВАНИЕ ТЕМЫ КАК ПРЕДМЕТ |
| Наименование темы |
Агропромышленные комплексы |
| Формальный подзаголовок |
Руководства, пособия и т.п. для высшей школы |
| Тематический подзаголовок |
Менеджмент |
| Системный номер авторитетной/нормативной записи |
2192527 |
| Идентификатор авторитетной/нормативной записи |
RU\NLR\auth\661317913 |
| 606 0# - НАИМЕНОВАНИЕ ТЕМЫ КАК ПРЕДМЕТ |
| Наименование темы |
Агропромышленные комплексы |
| Формальный подзаголовок |
Учебные издания для высших учебных заведений |
| Тематический подзаголовок |
Менеджмент |
| Системный номер авторитетной/нормативной записи |
2192527 |
| Идентификатор авторитетной/нормативной записи |
RU\NLR\auth\661317913 |
| 610 0# - НЕКОНТРОЛИРУЕМЫЕ ПРЕДМЕТНЫЕ ТЕРМИНЫ |
| Предметный термин |
Агропромышленный комплекс - Управление |
| 675 ## - УНИВЕРСАЛЬНАЯ ДЕСЯТИЧНАЯ КЛАССИФИКАЦИЯ (UDC/УДК) |
| Индекс |
631.145:65.01(075.8) |
| Издание |
3 |
| Язык издания |
rus |
| 686 ## - ИНДЕКСЫ ДРУГИХ КЛАССИФИКАЦИЙ |
| Индекс |
68.01 |
| Код системы |
|
| 686 ## - ИНДЕКСЫ ДРУГИХ КЛАССИФИКАЦИЙ |
| Индекс |
65.32я73 |
| Код системы |
|
| 686 ## - ИНДЕКСЫ ДРУГИХ КЛАССИФИКАЦИЙ |
| Индекс |
У32(2)-21я73 |
| 701 #1 - ИМЯ ЛИЦА - АЛЬТЕРНАТИВНАЯ ОТВЕТСТВЕННОСТЬ |
| Код отношения |
Автор |
| Материалы, к которым относится поле |
rus |
| Графика поля |
Кириллица |
| Начальный элемент ввода |
Королев |
| Часть имени, кроме начального элемента ввода |
Ю. Б. |
| Дополнения к именам, кроме дат |
д-р экон. наук |
| Расширение инициалов личного имени |
Юрий Борисович |
| Идентификатор авторитетной/нормативной записи |
RU\NLR\auth\7777656 |
| Системный номер авторитетной/нормативной записи |
60584 |
| 701 #1 - ИМЯ ЛИЦА - АЛЬТЕРНАТИВНАЯ ОТВЕТСТВЕННОСТЬ |
| Начальный элемент ввода |
Коротнев |
| Часть имени, кроме начального элемента ввода |
В. Д. |
| Расширение инициалов личного имени |
Владимир Дмитриевич |
| Код отношения |
Автор |
| 701 #1 - ИМЯ ЛИЦА - АЛЬТЕРНАТИВНАЯ ОТВЕТСТВЕННОСТЬ |
| Начальный элемент ввода |
Кочетова |
| Часть имени, кроме начального элемента ввода |
Г. Н. |
| Расширение инициалов личного имени |
Галина Николаевна |
| Код отношения |
Автор |
| 701 #1 - ИМЯ ЛИЦА - АЛЬТЕРНАТИВНАЯ ОТВЕТСТВЕННОСТЬ |
| Код отношения |
Автор |
| Материалы, к которым относится поле |
rus |
| Графика поля |
Кириллица |
| Начальный элемент ввода |
Никифорова |
| Часть имени, кроме начального элемента ввода |
Е.Н. |
| Дополнения к именам, кроме дат |
экономист |
| Расширение инициалов личного имени |
Елена Николаевна |
| Идентификатор авторитетной/нормативной записи |
RU\NLR\auth\7724451 |
| Системный номер авторитетной/нормативной записи |
7502 |
| 801 #0 - ИСТОЧНИК ЗАПИСИ |
| Страна |
Российская Федерация |
| Организация |
RKP |
| Дата составления |
20030627 |
| Правила каталогизации |
PSBO |
| 801 #1 - ИСТОЧНИК ЗАПИСИ |
| Страна |
Российская Федерация |
| Организация |
RKP |
| Дата составления |
20030627 |
| 801 #2 - ИСТОЧНИК ЗАПИСИ |
| Страна |
Российская Федерация |
| Организация |
NLR |
| Дата составления |
20090604 |
| Правила каталогизации |
rcr |
| 942 ## - ДОПОЛНИТЕЛЬНЫЕ ЭЛЕМЕНТЫ ЗАПИСИ (АБИС) |
| Тип экземпляра АБИС |
Книга |
| 980 ## - КОЛЛЕКЦИЯ |
| Название коллекции |
Национальная библиография |